000 00710nam a22002297a 4500
003 BD-DhJNU
005 20250123052311.0
008 250123b |||||||| |||| 00| 0 eng d
020 _a9789840514474
040 _aBD-DhJNU
_bENG
_cBD-DhJNU
_dBD-DhJNU
082 _223
_a320.954 BEN
245 _aDocuments of the Raj :
_b Bengal politics 1940-43 /
_cedited by Enayetur Rahim, Joyce L. Rahim
260 _aDhaka :
_bThe University Press,
_c1996.
300 _axvii, 278p. :
_bill, ;
_c25 cm.
490 _vvol. 2
504 _aIncludes index
650 _aBengal politics
650 _aPolitical condition
700 _aRahim, Enayetur
_eeditor
700 _aRahim, Joyce L.
_eeditor
942 _2ddc
_cBK
_n0
999 _c1166
_d1166